00347nam a22001217a 4500999001700000082001500017100002500032245004100057260001200098300000900110942000700119952009900126 c65272d65269 a297.925VAQ aDr Waqar Ahmed Rizvi aEminent Muslim Scientists- The Quail akarachi a107p cBK 00104070aREFbREFd2019-07-10l0o297.925VAQ (Shelf -19B)pR14054r2019-07-10 00:00:00yBK